[Event "CHI-ch sf"]
[Site "Coronel"]
[Date "2015.01.18"]
[Round "7"]
[White "Clark Munoz, Marcelino"]
[Black "Vergara, Jose1111"]
[Result "0-1"]
[WhiteElo "1479"]
[BlackElo "1520"]
[PlyCount "126"]
[EventDate "2015.01.10"]
[EventType "swiss"]
[EventRounds "7"]
[EventCountry "CHI"]
[SourceTitle "CBM 164 Extra"]
[Source "ChessBase"]
[SourceDate "2015.03.02"]
[SourceVersion "1"]
[SourceVersionDate "2015.03.02"]
[SourceQuality "1"]

1. e4 b6 2. f4 Bb7 3. Nc3 e6 4. Nf3 Bb4 5. d3 d5 6. Bd2 Nf6 7. e5 Nfd7 8. Be2 0-0 9. 0-0 f5 10. Ng5 Qe7 11. a3 Bxc3 12. Bxc3 h6 13. Nh3 c5 14. d4 Ba6 15. Bxa6 Nxa6 16. Rf3 Qh4 17. Rg3 Kh7 18. Be1 Qe7 19. Qh5 Qe8 20. Qh4 Rg8 21. Ng5+ Kh8 22. Nf3 cxd4 23. Rg5 Nac5 24. Rh5 Qf8 25. Ng5 Re8 26. Nf3 Ne4 27. Nxd4 Kh7 28. Bb4 Ndc5 29. Rf1 g6 30. Rg5 Nxg5 31. fxg5 Qg7 32. Nf3 Ne4 33. gxh6 Qxh6 34. Qe1 Rh8 35. Nd2 Kg7 36. h3 Qh4 37. Nf3 Qxe1 38. Rxe1 g5 39. Rd1 Rd8 40. Nd4 Kf7 41. Nc6 Rd7 42. c4 a5 43. Be1 Rc8 44. cxd5 Rxd5 45. Rxd5 exd5 46. Nd4 Kg6 47. Kh2 Rc1 48. Nf3 Rc2 49. h4 g4 50. Ng5 Nxg5 51. hxg5 Kxg5 52. Bc3 Kf4 53. Bd4 Rc6 54. b4 g3+ 55. Kh1 Rh6+ 56. Kg1 Ke4 57. Bb2 d4 58. Bc1 Rh7 59. Bd2 Kd3 60. Bf4 Ke2 61. Bxg3 d3 62. bxa5 bxa5 63. a4 d2 0-1

[Event "CHI-ch sf"]
[Site "Coronel"]
[Date "2015.01.11"]
[Round "2"]
[White "Salgado San Martin, Heraldo"]
[Black "Clark Munoz, Marcelino"]
[Result "0-1"]
[WhiteElo "1746"]
[BlackElo "1479"]
[PlyCount "44"]
[EventDate "2015.01.10"]
[EventType "swiss"]
[EventRounds "7"]
[EventCountry "CHI"]
[SourceTitle "CBM 164 Extra"]
[Source "ChessBase"]
[SourceDate "2015.03.02"]
[SourceVersion "1"]
[SourceVersionDate "2015.03.02"]
[SourceQuality "1"]

1. d4 e6 2. c4 g6 3. Nc3 Bg7 4. e4 b6 5. Nf3 Bb7 6. Be3 Nf6 7. Bd3 Ng4 8. Bf4 a6 9. h3 Nh6 10. Qd2 Ng8 11. 0-0 Nc6 12. d5 Nd4 13. Nxd4 Bxd4 14. Be3 e5 15. f4 Qh4 16. Bxd4 exd4 17. Ne2 0-0-0 18. Nxd4 d6 19. Nf3 Qe7 20. Rac1 g5 21. Nh2 Nf6 22. fxg5 Nh5 0-1